Loading...
| Science - Other | 0 | 3 | 0 | 0 | 30 | 82 | 87.00 | 1 | 3 | 4.86 | 13.33 |
| History - Other | 0 | 2 | 0 | 1 | 20 | 57 | 63.50 | 1 | 2 | 6.51 | 15.00 |
| Science - Physics | 0 | 2 | 0 | 1 | 20 | 35 | 71.00 | 1 | 2 | 5.83 | 15.00 |
| Science - Chemistry | 0 | 2 | 0 | 0 | 20 | 65 | 81.00 | 0 | 2 | 2.86 | 11.67 |
| Mythology | 0 | 1 | 0 | 0 | 10 | 68 | 68.00 | 0 | 1 | 3.41 | 6.67 |
| Religion | 0 | 1 | 0 | 0 | 10 | 69 | 69.00 | 0 | 1 | 2.53 | 5.00 |
| Social Science | 0 | 1 | 0 | 0 | 10 | 102 | 102.00 | 0 | 0 | 0.80 | 5.00 |
| History - American | 0 | 1 | 0 | 0 | 10 | 72 | 72.00 | 0 | 0 | 3.07 | 1.67 |
| History - European | 0 | 1 | 0 | 0 | 10 | 41 | 41.00 | 0 | 1 | 5.31 | 5.00 |
| Literature - World | 0 | 1 | 0 | 0 | 10 | 101 | 101.00 | 0 | 1 | 1.01 | 5.00 |
| Current Events | 0 | 1 | 0 | 0 | 10 | 47 | 47.00 | 1 | 1 | 11.30 | 20.00 |
| Fine Arts - Painting and Sculpture | 0 | 1 | 1 | 0 | 5 | 58 | 58.00 | 1 | 1 | 3.40 | 8.33 |